Supercomputers : Goverment plans & policies

Gespeichert in:
Bibliographische Detailangaben
Format: Buch
Sprache:Undetermined
Veröffentlicht: Office Of Technlogy Assessment
Schlagworte:
Tags: Tag hinzufügen
Keine Tags, Fügen Sie den ersten Tag hinzu!
Thư viện lưu trữ: Trung tâm Học liệu Trường Đại học Cần Thơ
LEADER 00435nam a2200145Ia 4500
001 CTU_87764
008 210402s9999 xx 000 0 und d
082 |a 001.6419 
082 |b S959 
245 0 |a Supercomputers : 
245 0 |b Goverment plans & policies 
260 |b Office Of Technlogy Assessment 
650 |a Supercomputers,Computer industry 
904 |i Trọng Hiếu 
980 |a Trung tâm Học liệu Trường Đại học Cần Thơ